| 000 | 02228nam a2200589Ii 4500 | ||
|---|---|---|---|
| 001 | DIGREVMGM0080 | ||
| 003 | NyNyDIG | ||
| 006 | m o d | ||
| 007 | cr ||||||||||| | ||
| 008 | 240808s2024 sp ob 000 0 spa d | ||
| 035 | _a(OCoLC)1452248687 | ||
| 040 |
_aDGITA _beng _erda _epn _cDGITA |
||
| 020 |
_a9788429198140 _qpdf |
||
| 020 |
_a9788429198133 _qePub |
||
| 020 |
_z9788410121003 _qpapel |
||
| 041 | 1 |
_aspa _heng |
|
| 050 | 1 | 4 | _aHG4026 ebook |
| 050 | 1 | 4 | _aHD30.28 ebook |
| 050 | 1 | 4 | _aHD69.T54 ebook |
| 245 | 0 | 0 |
_aEstuche Serie Management en 20 minutos : _bprincipios básicos / _ctraducción, Genís Monrabà Bueno. |
| 264 | 1 |
_aBarcelona : _bREM, Reverté Management, _c[2024] |
|
| 300 | _a1 online resource. | ||
| 336 |
_atext _btxt _2rdacontent |
||
| 337 |
_acomputer _bc _2rdamedia |
||
| 338 |
_aonline resource _bcr _2rdacarrier |
||
| 347 |
_atext file _2rdaft |
||
| 347 | _bPDF | ||
| 347 | _bEPUB | ||
| 490 | 1 | _aSerie Management en 20 minutos | |
| 500 | _a"Harvard Business Press" | ||
| 504 | _aIncludes bibliographical references. | ||
| 505 | 0 | _aFinanzas básicas -- Cómo crear un plan de negocios -- Cómo gestionar tu tiempo. | |
| 588 | 0 | _aOnline resource; title from PDF title page (Digitalia, viewed August 8, 2024) | |
| 650 | 0 |
_aCorporations _xFinance |
|
| 650 | 0 | _aManagerial accounting. | |
| 650 | 0 | _aBusiness planning. | |
| 650 | 0 | _aTime management. | |
| 700 | 1 |
_aMonrabà, Genís, _etranslator. |
|
| 730 | 0 |
_iTranslation of: _aFinance basics _lSpanish _s(Monrabà) |
|
| 730 | 0 |
_iTranslation of: _aCreating business plans _lSpanish _s(Monrabà) |
|
| 730 | 0 |
_iTranslation of: _aManaging time _lSpanish _s(Monrabà) |
|
| 740 | 0 | 2 | _aFinanzas básicas. |
| 740 | 0 | 2 | _aCómo crear un plan de negocios. |
| 740 | 0 | 2 | _aCómo gestionar tu tiempo. |
| 791 | 2 |
_aDigitalia (Firm), _edistributor. |
|
| 793 | 0 |
_gDigitalia eBook Collection: _aReverté Management |
|
| 776 | 0 | 8 |
_iPrint version: _tEstuche Serie Management en 20 minutos. _dBarcelona : REM, Reverté Management, [2024] _z9788410121003 |
| 830 | 0 | _a20 minute manager series. | |
| 856 | 4 | 0 |
_3Digitalia Hispánica _uhttps://www.digitaliapublishing.com/a/157260/ |
| 910 | _aPremium collection: 2024 | ||
| 942 | _cRAA | ||
| 999 |
_c287143 _d287143 |
||